000 00280nam a2200121Ia 4500
008 190216s9999||||xx |||||||||||||| ||und||
100 _aTanveer A M
245 0 _aIndian Literature
260 _bSahitya Bhawan
_c1978
300 _a134
650 _aIndian Literature
942 _cBK
999 _c13695
_d13695